| 000 | 00437nam a22001697a 4500 | ||
|---|---|---|---|
| 003 | OSt | ||
| 008 | 250215b |||||||| |||| 00| 0 eng d | ||
| 020 | _a0-471-80529-7 | ||
| 041 | _aeng | ||
| 082 |
_a631.3 _bKRU/DE |
||
| 100 |
_aKrutz, Gary _93037 |
||
| 245 | _aDesign of Agricultural Machinery | ||
| 260 |
_aNew York: _bJohn Wiley & Sons, _c1984. |
||
| 300 | _a472p. | ||
| 700 |
_aThompson, Lester and Claar, Paul _97165 |
||
| 942 | _cBK | ||
| 999 |
_c19395 _d19395 |
||